Psychologická problematika exceptiálneho riadenia, podnikania a chudoby v globalizovanom svete
Psychologicko-kultúrno-ekonomické aspekty, ktoré všeobecne i špecificky vplývajú na komparáciu ázijského manažmentu so slovenskými riadiacimi praktikami. Pohľad na japonskú spoločnosť, štýl ázijského riadenia, správania riadiacich pracovníkov i zamestnancov v podnikateľskom prostredí a kontrast s eu...
Guardado en:
| Autor principal: | |
|---|---|
| Otros Autores: | , |
| Formato: | Capítulo de libro |
| Lenguaje: | eslovaco |
| Materias: | |
| Etiquetas: |
Sin Etiquetas, Sea el primero en etiquetar este registro!
|
MARC
| LEADER | 00000nla a2200000 4500 | ||
|---|---|---|---|
| 001 | 0161274 | ||
| 005 | 20220426135501.0 | ||
| 041 | 0 | |a slo | |
| 044 | |a SK | ||
| 245 | 1 | 0 | |a Psychologická problematika exceptiálneho riadenia, podnikania a chudoby v globalizovanom svete |c Tatiana Soroková, Daniela Petríková, Anna Petrušková |
| 520 | |a Psychologicko-kultúrno-ekonomické aspekty, ktoré všeobecne i špecificky vplývajú na komparáciu ázijského manažmentu so slovenskými riadiacimi praktikami. Pohľad na japonskú spoločnosť, štýl ázijského riadenia, správania riadiacich pracovníkov i zamestnancov v podnikateľskom prostredí a kontrast s európskou kultúrou. | ||
| 610 | 2 | 0 | |a komunikácia multikultúrna |
| 610 | 2 | 0 | |a rozmanitosť kultúrna |
| 610 | 2 | 0 | |a komunikácia manažérska |
| 610 | 2 | 0 | |a prostredie podnikateľské |
| 610 | 2 | 0 | |a Japonsko |
| 610 | 2 | 0 | |a Európa |
| 100 | 1 | |a Soroková, Tatiana | |
| 700 | 1 | |a Petríková, Daniela | |
| 700 | 1 | |a Petrušková, Anna | |